00435nam a2200145Ia 4500082001200000100002400012245008800036260002900124300002200153650002600175650002000201650002400221650002700245710001700272 aTL.0048 aLakdawala, Susasini 0aStudy of some variables underlying lack of interest in study in the school children c1979bGujarat University a1020p. + C D - 45 aINTEREST (PSYCHOLOGY) aSCHOOL CHILDREN aSTUDENT ASPIRATIONS aEDUCATIONAL PSYCHOLOGY aParikh, B.A.